Red Hot Chili Pepper's Song by Lyric - Statistics

General Stats
  • This quiz has been taken 928 times
  • The average score is 9 of 15
Answer Stats
Lyric Song % Correct
I don't ever want to feel, like I did that day Under the Bridge
95%
Destruction leads to a very rough road, but it also breeds creation Californication
90%
North Dakota man was a gunnin' for the quota Dani California
79%
With the birds I'll share this lonely view Scar Tissue
79%
Standing in line, to see the show tonight By the Way
77%
Ever wonder if it's all for you Can't Stop
67%
And in this perfect weather, we'll find a place together The Zephyr Song
65%
What I've got you've got to get it put it in you Give It Away
64%
I've got a bad disease Soul to Squeeze
53%
I like pleasure spiked with pain Aeroplane
50%
Twisting and turning, your feelings are burning Breaking the Girl
46%
Way upon the mountain where she died, all I ever wanted was your life Dosed
46%
It's raining down with love and hate, and I find it hard to motivate Hard to Concentrate
32%
Complications of a mastermind, last temptation of my kind Get On Top
27%
Cry me a future where the revelations run amok Especially in Michigan
22%
No matching quizzes found
Score Distribution
Percent of People with Each Score
Percentile by Number Answered
Your Score History
You have not taken this quiz